书目信息 |
| 题名: |
全面质量管理基础知识及应用
|
|
| 作者: | ;贵阳矿山机器厂全面质量管理基础知识及应用编写组 编 | |
| 分册: | ||
| 出版信息: | 贵阳 贵州人民出版社 1982 |
|
| 页数: | 176页 | |
| 开本: | 19cm | |
| 丛书名: | ||
| 单 册: | ||
| 中图分类: | F406.3 | |
| 科图分类: | ||
| 主题词: | 工业企业管理:全面质量管理--基本知识 , 全面质量管理:工业企业管理--基本知识 | |
| 电子资源: | ||
| ISBN: | ||
| 000 | 00885nam0 2200241 45 | |
| 001 | 0182003496 | |
| 005 | 20060820112203.53 | |
| 010 | @dCNY0.40 | |
| 091 | @aCN@b4115.140 | |
| 100 | @a19950629d1982 em y0chiy0121 ea | |
| 101 | 0 | @achi |
| 102 | @aCN@b520000 | |
| 105 | @ay z 000yy | |
| 200 | 10 | @a全面质量管理基础知识及应用@Aquan mian zhi liang guan li ji chu zhi shi ji ying yong@f贵阳矿山机器厂全面质量管理基础知识及应用编写组编 |
| 210 | @a贵阳@c贵州人民出版社@d1982 | |
| 215 | @a176页@d19cm | |
| 606 | @a工业企业管理:全面质量管理@x基本知识 | |
| 606 | @a全面质量管理:工业企业管理@x基本知识 | |
| 690 | @aF406.3@v3 | |
| 711 | 02 | @a贵阳矿山机器厂全面质量管理基础知识及应用编写组@Agui yang kuang shan ji qi chang quan mian zhi liang guan li ji chu zhi shi ji ying yong bian xie zu@4编 |
| 801 | 0 | @aCN@bTSSF@c20060820 |
| 801 | 2 | @aCN@bNLC@c20060811 |
| 905 | @a10447@dF406.3@e178 | |
| 全面质量管理基础知识及应用/贵阳矿山机器厂全面质量管理基础知识及应用编写组编.-贵阳:贵州人民出版社,1982 |
| 176页;19cm |
| ISBN :CNY0.40 |
| ● |
| 相关链接 |
|
|
|
|
正题名:全面质量管理基础知识及应用
索取号:F406.3/178
 
预约/预借
| 序号 | 登录号 | 条形码 | 馆藏地/架位号 | 状态 | 备注 |
| 1 | 0448700 | 204487000 | 密集书库/ [索取号:F406.3/178] | 在馆 | |
| 2 | 0471651 | 204716511 | 密集书库/ [索取号:F406.3/178] | 在馆 |